| 000 | 00352nam a2200133Ia 4500 | ||
|---|---|---|---|
| 008 | 240624s9999 xx 000 0 und d | ||
| 041 | _aeng | ||
| 082 | _a828 MIS | ||
| 100 | _aMISHRA O P | ||
| 245 | _aPOLICING DELHI URBANIZATION CRIME AND LA | ||
| 260 |
_c2011 _aNew Delhi _bOxford University Press |
||
| 300 | _axx, : 269p. ; 23cm. | ||
| 365 |
_cRS _b31 |
||
| 999 |
_c19648 _d19648 |
||